Al marqués de Pozoblanco, en Sevilla a 10 de enero de 1747 [ (Record no. 189421)

MARC details
000 -LEADER
campo de control de longitud fija 00728ntm a2200169 i 4500
001 - NÚMERO DE CONTROL
campo de control 189421
003 - IDENTIFICADOR DE NÚMERO DE CONTROL
campo de control ES-MaACL
005 - FECHA Y HORA DE LA ÚLTIMA TRANSACCIÓN
campo de control 20240516141959.0
008 - DATOS DE LONGITUD FIJA--INFORMACIÓN GENERAL
campo de control de longitud fija 190531s1747 sp |||| | spa d
245 00 - MENCIÓN DEL TÍTULO
Título Al marqués de Pozoblanco, en Sevilla a 10 de enero de 1747 [
Medio Manuscrito].
260 ## - PUBLICACIÓN, DISTRIBUCIÓN, ETC.
Fecha de publicación, distribución, etc. 1747.
300 ## - DESCRIPCIÓN FÍSICA
Extensión [3] p. ;
Dimensiones 23 cm.
600 17 - PUNTO DE ACCESO ADICIONAL DE MATERIA--NOMBRE DE PERSONA
Nombre de persona Pozoblanco, Francisco Manuel de Velasco y Estrada,
Títulos y otros términos asociados al nombre Marqués de
Fuente del encabezamiento o término
9 (RLIN) 167182
651 ## - PUNTO DE ACCESO ADICIONAL DE MATERIA--NOMBRE GEOGRÁFICO
Nombre geográfico Guadalquivir (España, Río)-
Subdivisión geográfica Navegación.
9 (RLIN) 167183
852 ## - LOCALIZACIÓN
Ubicación ES-MaACL
Número de control de estantería B-8924(17)
Nota libre .- Legado de Federico de Botella y de Hornos
-- .- Encuadernado en un vol. facticio agrupado con el nombre en el lomo: España, geología, memorias y documentos varios 1 a 8
Holdings
Estatus retirado Estado de pérdida Estado de daño No para préstamo Colección Biblioteca de origen Biblioteca actual Ubicación en estantería Fecha de adquisición Fuente de adquisición Total de préstamos Signatura topográfica completa Código de barras Visto por última vez Precio de reemplazo Tipo de ítem Koha
        Manuscritos Biblioteca del Ateneo de Madrid Biblioteca del Ateneo de Madrid Sala Pardo Bazán 31/05/2019     B-8924(17) 1200695 23/02/2023 23/02/2023 Manuscrito